|
|
|
|
| LEADER |
00859aam a22002658a 4500 |
| 001 |
00028636 |
| 005 |
20171026081025.0 |
| 008 |
120329s2011 ||||||viesd |
| 020 |
|
|
|c 60000
|
| 041 |
0 |
# |
|a vie
|
| 082 |
1 |
4 |
|a 370.7
|b CH561TR
|
| 245 |
0 |
0 |
|b khóa học cơ bản
|a Chương trình dạy học của Intel
|
| 260 |
# |
# |
|a Tp. Hồ Chí Minh
|b Đại học Sư phạm Tp. Hồ Chí Minh
|c 2011
|
| 300 |
# |
# |
|e 1 CD
|a [240?]tr.
|c 29cm.
|
| 541 |
# |
# |
|a Tặng
|
| 650 |
# |
4 |
|a Giáo dục
|
| 653 |
# |
# |
|a Chương trình dạy học
|
| 653 |
# |
# |
|a Intel
|
| 653 |
# |
# |
|a Khóa học cơ bản
|
| 852 |
# |
# |
|b Kho mượn
|j KM.0013055
|
| 852 |
# |
# |
|b Kho đọc
|j KD.0013346, KM.0013055
|
| 852 |
# |
# |
|j KD.0013346
|j KM.0013055
|
| 910 |
|
|
|d 29/03/2012
|
| 980 |
# |
# |
|a Trung tâm Học liệu Lê Vũ Hùng, Trường Đại học Đồng Tháp
|